<?xml version="1.0" encoding="UTF-8"?>
<collection xmlns="http://www.loc.gov/MARC21/slim">
 <record>
  <leader>02683nam a22003137a 4500</leader>
  <controlfield tag="001">NCT_87542</controlfield>
  <controlfield tag="008">201202b        xxu||||| |||| 00| 0 vie d</controlfield>
  <datafield tag="999" ind1=" " ind2=" ">
   <subfield code="c">4314</subfield>
   <subfield code="d">4314</subfield>
  </datafield>
  <datafield tag="020" ind1=" " ind2=" ">
   <subfield code="a">9786049112256</subfield>
   <subfield code="c">87500</subfield>
  </datafield>
  <datafield tag="082" ind1="0" ind2="4">
   <subfield code="2">23rd ed.</subfield>
   <subfield code="a">658.05</subfield>
   <subfield code="b">H455</subfield>
  </datafield>
  <datafield tag="100" ind1="1" ind2=" ">
   <subfield code="a">Phạm Thị Thanh Hồng</subfield>
  </datafield>
  <datafield tag="245" ind1="1" ind2="0">
   <subfield code="a">Giáo trình hệ thống thông tin quản lý</subfield>
   <subfield code="c">Phạm Thị Thanh Hồng</subfield>
  </datafield>
  <datafield tag="250" ind1=" " ind2=" ">
   <subfield code="a">Tái bản lần thứ 3, có sửa chữa</subfield>
  </datafield>
  <datafield tag="260" ind1=" " ind2=" ">
   <subfield code="a">H.</subfield>
   <subfield code="b">Bách khoa - Hà Nội</subfield>
   <subfield code="c">2012</subfield>
  </datafield>
  <datafield tag="300" ind1=" " ind2=" ">
   <subfield code="a">283 tr.</subfield>
   <subfield code="b">Minh họa</subfield>
   <subfield code="c">24cm</subfield>
  </datafield>
  <datafield tag="520" ind1="3" ind2=" ">
   <subfield code="a">Giới thiệu về hệ thống thông tin quản lý, cơ sở hạ tầng công nghệ của hệ thống thông tin, việc quản lý nguồn dữ liệu, xây dựng và phát triển hệ thống thông tin quản lý, các hệ thống thông tin nội bộ của doanh nghiệp, hệ thống thông tin tích hợp và quản lý ứng dụng công nghệ thông tin trong doanh nghiệp.</subfield>
  </datafield>
  <datafield tag="653" ind1=" " ind2=" ">
   <subfield code="a">Quản trị kinh doanh</subfield>
  </datafield>
  <datafield tag="942" ind1=" " ind2=" ">
   <subfield code="2">ddc</subfield>
   <subfield code="c">BK</subfield>
  </datafield>
  <datafield tag="952" ind1=" " ind2=" ">
   <subfield code="0">0</subfield>
   <subfield code="1">0</subfield>
   <subfield code="2">ddc</subfield>
   <subfield code="4">0</subfield>
   <subfield code="6">658_050000000000000_H455</subfield>
   <subfield code="7">0</subfield>
   <subfield code="9">20855</subfield>
   <subfield code="a">000001</subfield>
   <subfield code="b">000001</subfield>
   <subfield code="d">2020-12-02</subfield>
   <subfield code="o">658.05 H455</subfield>
   <subfield code="p">MD.18144</subfield>
   <subfield code="r">2020-12-02</subfield>
   <subfield code="v">87500.00</subfield>
   <subfield code="w">2020-12-02</subfield>
   <subfield code="y">BK</subfield>
  </datafield>
  <datafield tag="952" ind1=" " ind2=" ">
   <subfield code="0">0</subfield>
   <subfield code="1">0</subfield>
   <subfield code="2">ddc</subfield>
   <subfield code="4">0</subfield>
   <subfield code="6">658_050000000000000_H455</subfield>
   <subfield code="7">0</subfield>
   <subfield code="9">20856</subfield>
   <subfield code="a">000001</subfield>
   <subfield code="b">000001</subfield>
   <subfield code="d">2020-12-02</subfield>
   <subfield code="o">658.05 H455</subfield>
   <subfield code="p">MD.18145</subfield>
   <subfield code="r">2020-12-02</subfield>
   <subfield code="v">87500.00</subfield>
   <subfield code="w">2020-12-02</subfield>
   <subfield code="y">BK</subfield>
  </datafield>
  <datafield tag="952" ind1=" " ind2=" ">
   <subfield code="0">0</subfield>
   <subfield code="1">0</subfield>
   <subfield code="2">ddc</subfield>
   <subfield code="4">0</subfield>
   <subfield code="6">658_050000000000000_H455</subfield>
   <subfield code="7">0</subfield>
   <subfield code="9">20857</subfield>
   <subfield code="a">000001</subfield>
   <subfield code="b">000001</subfield>
   <subfield code="d">2020-12-02</subfield>
   <subfield code="o">658.05 H455</subfield>
   <subfield code="p">MD.18146</subfield>
   <subfield code="r">2020-12-02</subfield>
   <subfield code="v">87500.00</subfield>
   <subfield code="w">2020-12-02</subfield>
   <subfield code="y">BK</subfield>
  </datafield>
  <datafield tag="952" ind1=" " ind2=" ">
   <subfield code="0">0</subfield>
   <subfield code="1">0</subfield>
   <subfield code="2">ddc</subfield>
   <subfield code="4">0</subfield>
   <subfield code="6">658_050000000000000_H455</subfield>
   <subfield code="7">0</subfield>
   <subfield code="9">20858</subfield>
   <subfield code="a">000001</subfield>
   <subfield code="b">000001</subfield>
   <subfield code="d">2020-12-02</subfield>
   <subfield code="o">658.05 H455</subfield>
   <subfield code="p">MD.18147</subfield>
   <subfield code="r">2020-12-02</subfield>
   <subfield code="v">87500.00</subfield>
   <subfield code="w">2020-12-02</subfield>
   <subfield code="y">BK</subfield>
  </datafield>
  <datafield tag="952" ind1=" " ind2=" ">
   <subfield code="0">0</subfield>
   <subfield code="1">0</subfield>
   <subfield code="2">ddc</subfield>
   <subfield code="4">0</subfield>
   <subfield code="6">658_050000000000000_H455</subfield>
   <subfield code="7">0</subfield>
   <subfield code="9">20859</subfield>
   <subfield code="a">000001</subfield>
   <subfield code="b">000001</subfield>
   <subfield code="d">2020-12-02</subfield>
   <subfield code="o">658.05 H455</subfield>
   <subfield code="p">MD.18148</subfield>
   <subfield code="r">2020-12-02</subfield>
   <subfield code="v">87500.00</subfield>
   <subfield code="w">2020-12-02</subfield>
   <subfield code="y">BK</subfield>
  </datafield>
  <datafield tag="952" ind1=" " ind2=" ">
   <subfield code="0">0</subfield>
   <subfield code="1">0</subfield>
   <subfield code="2">ddc</subfield>
   <subfield code="4">0</subfield>
   <subfield code="6">658_050000000000000_H455</subfield>
   <subfield code="7">0</subfield>
   <subfield code="9">20860</subfield>
   <subfield code="a">000001</subfield>
   <subfield code="b">000001</subfield>
   <subfield code="d">2020-12-02</subfield>
   <subfield code="o">658.05 H455</subfield>
   <subfield code="p">MD.18149</subfield>
   <subfield code="r">2020-12-02</subfield>
   <subfield code="v">87500.00</subfield>
   <subfield code="w">2020-12-02</subfield>
   <subfield code="y">BK</subfield>
  </datafield>
  <datafield tag="952" ind1=" " ind2=" ">
   <subfield code="0">0</subfield>
   <subfield code="1">0</subfield>
   <subfield code="2">ddc</subfield>
   <subfield code="4">0</subfield>
   <subfield code="6">658_050000000000000_H455</subfield>
   <subfield code="7">0</subfield>
   <subfield code="9">20861</subfield>
   <subfield code="a">000001</subfield>
   <subfield code="b">000001</subfield>
   <subfield code="d">2020-12-02</subfield>
   <subfield code="o">658.05 H455</subfield>
   <subfield code="p">MD.18150</subfield>
   <subfield code="r">2020-12-02</subfield>
   <subfield code="v">87500.00</subfield>
   <subfield code="w">2020-12-02</subfield>
   <subfield code="y">BK</subfield>
  </datafield>
  <datafield tag="952" ind1=" " ind2=" ">
   <subfield code="0">0</subfield>
   <subfield code="1">0</subfield>
   <subfield code="2">ddc</subfield>
   <subfield code="4">0</subfield>
   <subfield code="6">658_050000000000000_H455</subfield>
   <subfield code="7">0</subfield>
   <subfield code="9">20862</subfield>
   <subfield code="a">000001</subfield>
   <subfield code="b">000001</subfield>
   <subfield code="d">2020-12-02</subfield>
   <subfield code="o">658.05 H455</subfield>
   <subfield code="p">MD.18151</subfield>
   <subfield code="r">2020-12-02</subfield>
   <subfield code="v">87500.00</subfield>
   <subfield code="w">2020-12-02</subfield>
   <subfield code="y">BK</subfield>
  </datafield>
  <datafield tag="952" ind1=" " ind2=" ">
   <subfield code="0">0</subfield>
   <subfield code="1">0</subfield>
   <subfield code="2">ddc</subfield>
   <subfield code="4">0</subfield>
   <subfield code="6">658_050000000000000_H455</subfield>
   <subfield code="7">0</subfield>
   <subfield code="9">20863</subfield>
   <subfield code="a">000001</subfield>
   <subfield code="b">000001</subfield>
   <subfield code="d">2020-12-02</subfield>
   <subfield code="o">658.05 H455</subfield>
   <subfield code="p">MD.18152</subfield>
   <subfield code="r">2020-12-02</subfield>
   <subfield code="v">87500.00</subfield>
   <subfield code="w">2020-12-02</subfield>
   <subfield code="y">BK</subfield>
  </datafield>
  <datafield tag="952" ind1=" " ind2=" ">
   <subfield code="0">0</subfield>
   <subfield code="1">0</subfield>
   <subfield code="2">ddc</subfield>
   <subfield code="4">0</subfield>
   <subfield code="6">658_050000000000000_H455</subfield>
   <subfield code="7">0</subfield>
   <subfield code="9">20864</subfield>
   <subfield code="a">000001</subfield>
   <subfield code="b">000001</subfield>
   <subfield code="d">2020-12-02</subfield>
   <subfield code="o">658.05 H455</subfield>
   <subfield code="p">MD.18153</subfield>
   <subfield code="r">2020-12-02</subfield>
   <subfield code="v">87500.00</subfield>
   <subfield code="w">2020-12-02</subfield>
   <subfield code="y">BK</subfield>
  </datafield>
  <datafield tag="980" ind1=" " ind2=" ">
   <subfield code="a">Thư viện Trường Đại học Nam Cần Thơ</subfield>
  </datafield>
 </record>
</collection>
